000 01828nam0a2200373 4500
001 RU\NLR\bibl\1675364
005 20250616045826.0
010 _a978-5-222-17229-2
_93000
021 _aRU
_b2010-62026
_94065
035 _a(nilc)RSL-KNO-004717823
035 _a(NLR Aleph) 001666605
090 _a1015017
_c1015017
100 _a20100809d2010 |||y0rusy50 ca
101 0 _arus
102 _aRU
105 _ay zzzz|||||
200 1 _aПрактическая секьюритология
_eруководство по безопасности бизнеса
_fО. Ю. Захаров
210 _aРостов-на-Дону
_cФеникс
_d2010
215 _a317, [1] с.
_d21
225 1 _aСерия "Бизнес-класс"
320 _aБиблиогр.: с. 310-316 (125 назв.)
606 1 _aПредпринимательство
_jРуководства, пособия и т.п.
_xБезопасность
_xПравовые вопросы
_92340059
_3RU\NLR\auth\661398807
610 0 _aГосударство и право. Юридические науки -- Российская Федерация -- Криминология -- Борьба с преступностью и предупреждение преступлений на отдельных объектах и в отдельных областях жизни -- Пособие для специалистов
686 _aХ628.322,07
_2rubbk
686 _aХ623.012.09я7
686 _aХ830.142я7
700 1 _4070
_aЗахаров
_bО. Ю.
_cканд. пед. наук, спорт
_f1978-
_gОлег Юрьевич
_957175
_3RU\NLR\AUTH\7774247
801 0 _aRU
_bРГБ
_c20100809
_grcr
801 1 _aRU
_bРГБ
_c20100809
801 2 _aRU
_bNLR
_c20100917
_grcr
942 _cBOOK
980 _aNB